Giáo trình tạo mẫu trang phục nữ
Giới thiệu các kiến thức khái quát về quy trình thiết kế áo biến kiểu nữ, váy biến kiểu nữ, áo đầm biến kiểu nữ (hai lớp)
Bewaard in:
| Hoofdauteur: | |
|---|---|
| Formaat: | Boek |
| Taal: | Undetermined |
| Gepubliceerd in: |
Thành phố Hồ Chí Minh
Đại học Quốc gia Thành phố Hồ Chí Minh
2013
|
| Onderwerpen: | |
| Tags: |
Voeg label toe
Geen labels, Wees de eerste die dit record labelt!
|
| Thư viện lưu trữ: | Trung tâm Học liệu Trường Đại học Cần Thơ |
|---|
| LEADER | 00869nam a2200205Ia 4500 | ||
|---|---|---|---|
| 001 | CTU_194327 | ||
| 008 | 210402s9999 xx 000 0 und d | ||
| 020 | |c 20000 | ||
| 082 | |a 746.92 | ||
| 082 | |b D513 | ||
| 100 | |a Phùng, Thị Bích Dung | ||
| 245 | 0 | |a Giáo trình tạo mẫu trang phục nữ | |
| 245 | 0 | |c Phùng Thị Bích Dung | |
| 260 | |a Thành phố Hồ Chí Minh | ||
| 260 | |b Đại học Quốc gia Thành phố Hồ Chí Minh | ||
| 260 | |c 2013 | ||
| 520 | |a Giới thiệu các kiến thức khái quát về quy trình thiết kế áo biến kiểu nữ, váy biến kiểu nữ, áo đầm biến kiểu nữ (hai lớp) | ||
| 650 | |a Sewing,Fashion design,Thiết kế thời trang | ||
| 904 | |i Tuyến | ||
| 980 | |a Trung tâm Học liệu Trường Đại học Cần Thơ | ||